CRC Handbook of Chemistry and Physics 74th Edition
Salvato in:
| Altri autori: | |
|---|---|
| Natura: | Libro |
| Lingua: | inglese |
| Pubblicazione: |
Boca Raton
TCRC Press
1993
|
| Edizione: | 74th edition 1993-1994 |
| Serie: | Handbook of chemistry and physics 1993-1994, 74th edition
|
| Soggetti: | |
| Accesso online: | Visualizza in OPAC |
| Tags: |
Nessun Tag, puoi essere il primo ad aggiungerne!!
|
MARC
| LEADER | 00000nam a2200000 a 4500 | ||
|---|---|---|---|
| 005 | 20260127133939.0 | ||
| 008 | 090521 1993 xxu 000 0 eng d | ||
| 020 | |a 0849305950 | ||
| 035 | |a vtls009515142 | ||
| 039 | 9 | |a 200905210942 |b mschk03 |y 200905210939 |z mschk03 | |
| 040 | |a STUSCHK1 |b slo |c STUSCHK1 |e AACR2 | ||
| 080 | |a 51+53(03) | ||
| 245 | 1 | |a CRC Handbook of Chemistry and Physics 74th Edition |c David R. Lide, editor-in chief | |
| 250 | |a 74th edition 1993-1994 | ||
| 260 | |a Boca Raton |b TCRC Press |c 1993 | ||
| 300 | |a nepr.s. | ||
| 490 | 0 | |a Handbook of chemistry and physics 1993-1994, 74th edition | |
| 650 | 0 | |a chemistry |x physics | |
| 700 | 1 | |a Lide, David R. |4 edt | |
| 910 | |a SCHK95 | ||
| 919 | |a 0-8493-0595-0 | ||
| 999 | |c 644 |d 644 | ||